000 01418nam a2200241Ia 4500
999 _c51672
_d51672
001 18663
003 GE_BSU
005 20220919170426.0
008 181216s2013||||ge |||||||||||||| ||geo||
040 _cGE_BSU
041 _ageo
080 _a37 ჭ-97
100 _aჭყონია, ნატალია
_911523
245 _aმრავალმხრივი განათლების შინაარსის თანამედროვე პრობლემები : დისერტაცია /
_cნატალია ჭყონია; სამეცნიერო ხელმძღვანელი ლია მენთეშაშვილი;ბათუმის შოთა რუსთაველის სახ-ფო უნ-ტი.
264 _aბათუმი,
_c2013.
300 _a150 გვ. ;
_b30 სმ.
653 _aდისერტაცია
653 _aმრავალმხრივი განათლების შინაარსის თანამედროვე პრობლემები
653 _aპედაგოგიკა
700 _aმენთეშაშვილი, ლია
_e სამეცნიერო ხელმძღვანელი
_91067
710 _aბათუმის შოთა რუსთაველის სახ-ფო უნ-ტი
_911524
942 _cBK
_2udc